| 000 | 00424nam a2200169 4500 | ||
|---|---|---|---|
| 001 | 43319 | ||
| 090 | _a43319 | ||
| 100 | _a20240625 pory50 | ||
| 101 | _apor | ||
| 102 | _aPT | ||
| 200 |
_aSexo e Adolescência _eguia para os jovens e seus pais _fMaxine Davis |
||
| 210 | _cBiblioteca Universal Popular | ||
| 215 | _a277 p. | ||
| 225 |
_aDivulgação Científica _v55 |
||
| 675 | _a613.88 | ||
| 801 |
_aPT _gRPC |
||
| 990 | _cLIVROS | ||